Statistics for Red Dead Redemption 2 strangers

Click here to take the quiz!

General Stats

  • This quiz has been taken 124 times
  • The average score is 6 of 17

Answer Stats

Stranger MissionStranger name% Correct
The veteranHamish Sinclair
84%
The artist's wayCharles Châtenay
76%
He's British of courseMargaret
51%
The widow of willard's restCharlotte Balfour
47%
The ties that bind usMr black and Mr white
47%
Arcadia for amateursAlbert Mason
40%
A bright bouncing boyMarko Dragic
39%
The noblest of men and a womanJim boy calloway
37%
American inferno, burnt outEvelyn Miller
34%
Of men and angelsSister Calderon
28%
Idealism and pragmatism for beginnersMayor Henri Lemieux
25%
The iniquities of historyJeremiah Compson
22%
The wisdom of the eldersObediah Hinton
21%
Oh brotherProetus and Acrisius
21%
The smell of the grease paintMiss Marjorie
19%
The mercies of knowledgeProfessor andrew bell III
19%
No good deedDr. Alphonse Renaud
7%

Score Distribution

Percentile by Number Answered

Percent of People with Each Score

Your Score History

You have not taken this quiz